000 01543nam a22002417a 4500
999 _c57326
_d57326
003 Ge_BSU
005 20240111111556.0
008 200521s2018ge xxu||||| |||| 00| 0 geo d
020 _a9789941947933
041 _ageo
080 _a347.4(478.22)(075.8) ბ-73
100 _aბიჭია, მიხეილ.
_98142
245 _aკანონისმიერი ვალდებულებითი ურთიერთობები : (დამხმარე სახელმძღვანელო) :
_bსაზიარო უფლებები, დავალების გარეშე სხვისი საქმეების შესრულება, უსაფუძვლო გამდიდრება, დელიქტური ვალდებულებები /
_cმიხეილ ბიჭია ; რედ. მარიამ ცისკაძე.
250 _aმე-2 გადამუშავებული გამოცემა
264 _aთბილისი :
_bბონა კაუზა,
_c2018.
300 _a551 გვ.:
_c20 სმ.
440 _aიურისტის ბიბლიოთეკა
_9137
504 _aბიბლიოგრ.გვ.518-551
653 _aსაქართველოს ვალდებულებითი სამართალი
653 _aსამართალი
700 _a ცისკაძე, მარიამ
_eრედაქტორი
_98143
942 _2udc
_cBK